Riconosci il Pokémon - Quiz n°948 - Statistics

Statistiche generali
  • Questo quiz è stato fatto 2 volte
  • Il punteggio medio è 6 su 10
Statistiche sulle risposte
Indizio Risposta % Corretto
Tipo Erba / Fuoco
100%
Altezza 0,9 m
50%
Peso 15,0 kg
50%
Sesso 50% ♂, 50% ♀
50%
Tasso di cattura 75 (17.5%)
50%
Abilità Clorofilla; Insonnia; Altalena
50%
Tasso di allevamento Medio-Veloce
50%
Generazione Nona
50%
Stadio evoluzione Prima evoluzione
50%
Pokémon Scovillain
50%
Nessun quiz corrispondente trovato
Distribuzione punteggi
Percentuale di utenti per punteggio
Percentile per numero di risposta
I tuoi punteggi nel tempo
Non hai fatto questo quiz